Statistics for Abbreviation time!

Click here to take the quiz!

General Stats

  • This quiz has been taken 23 times
  • The average score is 9 of 15

Answer Stats

ShortcutTerm% Correct
OMGOh my god
100%
FYIFor your information
90%
EUEuropean Union
80%
FBIFederal Bureau of Investigation
80%
JFKJohn F.Kennedy
80%
BFFBest friend forever
65%
CIACentral Intelligence Agency
65%
WWIWorld War I
65%
FAQFrequently asked questions
60%
MLBMajor League Baseball
55%
NSANational Security Agency
45%
NMNevermind
35%
SMHShake my head
35%
AFKAway from Keyboard
25%
HIMYMHow I met your Mother
20%

Score Distribution

Percentile by Number Answered

Percent of People with Each Score

Your Score History

You have not taken this quiz